Hindi-sahitya-darpan (Record no. 7027)

MARC details
000 -LEADER
fixed length control field 00520cam a2200205ua 4500
008 - FIXED-LENGTH DATA ELEMENTS--GENERAL INFORMATION
fixed length control field 150108n ii |||gr||||Z||||||hin
040 ## - CATALOGING SOURCE
Transcribing agency MAIN
041 ## - LANGUAGE CODE
-- hin
082 ## - DEWEY DECIMAL CLASSIFICATION NUMBER
Classification number 891.43
100 ## - MAIN ENTRY--PERSONAL NAME
Personal name Shukla. S.,
Relator term
245 ## - TITLE STATEMENT
Title Hindi-sahitya-darpan
Statement of responsibility, etc. By Shivnarayan Shukla
250 ## - EDITION STATEMENT
Edition statement 1st.
260 ## - PUBLICATION, DISTRIBUTION, ETC.
Place of publication, distribution, etc. Uttar pradesh:
Name of publisher, distributor, etc. Bhabadiya,
Date of publication, distribution, etc. 1964.
300 ## - PHYSICAL DESCRIPTION
Extent 328p.
700 ## - ADDED ENTRY--PERSONAL NAME
Personal name Tiwari, J.,
Relator term
942 ## - ADDED ENTRY ELEMENTS (KOHA)
Koha item type Books
653 ## - INDEX TERM--UNCONTROLLED
Uncontrolled term East Indo-European & Celtic literatures
653 ## - INDEX TERM--UNCONTROLLED
Uncontrolled term Hindi literature
Holdings
Withdrawn status Lost status Damaged status Not for loan Home library Current library Shelving location Date acquired Total Checkouts Full call number Barcode Date last seen Copy number Price effective from Koha item type
        Central Library, Naharkatiya College Central Library, Naharkatiya College General Stacks 19/09/2020   891.43 | HIN 6927 19/09/2020 2 19/09/2020 Books
        Central Library, Naharkatiya College Central Library, Naharkatiya College General Stacks 19/09/2020   891.43 | HIN 6928 19/09/2020 1 19/09/2020 Books

Naharkatiya College © 2020. All rights reserved.

Powered By